Fr. Conceicao Rodrigues College of Engineering

Principles and applications of GSM (Record no. 22974)

MARC details
000 -LEADER
fixed length control field 00325nam a2200145Ia 4500
082 ## - DEWEY DECIMAL CLASSIFICATION NUMBER
Classification number 621.382/GAR
100 ## - MAIN ENTRY--PERSONAL NAME
Personal name Garg/K Vijay/ Wilkes/J.E
245 ## - TITLE STATEMENT
Title Principles and applications of GSM
260 ## - PUBLICATION, DISTRIBUTION, ETC.
Name of publisher, distributor, etc. Pearson Education
Place of publication, distribution, etc. Mumbai
Date of publication, distribution, etc. 1999
300 ## - PHYSICAL DESCRIPTION
Extent 479
546 ## - LANGUAGE NOTE
Language note ENGLISH
654 ## - SUBJECT ADDED ENTRY--FACETED TOPICAL TERMS
Focus term GSM
942 ## - ADDED ENTRY ELEMENTS (KOHA)
Koha item type BOOK
Holdings
Withdrawn status Lost status Damaged status Not for loan Collection Home library Current library Date acquired Source of acquisition Cost, normal purchase price Inventory number Total Checkouts Full call number Barcode Date last seen Cost, replacement price Price effective from Koha item type
        CRC Fr. Agnel's C.Rodrigues College of Engineering Fr. Agnel's C.Rodrigues College of Engineering 17/03/2023 Unique Book Distributors 375.00 5174   621.382/GAR 16035 17/03/2023 375.00   BOOK